000 00374nam a2200145Ia 4500
008 240624s9999 xx 000 0 und d
041 _aeng
082 _a920 NAD
100 _aNADKARNI M V
245 _aETHICS FOR OUR TIMES ESSAYS IN GANDHIAN
250 _a(2nd ed.)
260 _c2014
_aNew Delhi
_bOxford India
300 _axx, : 331 : p. : cm. ; 21
365 _cRS
_b31
999 _c23343
_d23343